| 000 | 00620nam a22001937a 4500 | ||
|---|---|---|---|
| 999 |
_c17935 _d17935 |
||
| 008 | 191004b xxu||||| |||| 00| 0 eng d | ||
| 020 | _a0231536295 | ||
| 040 |
_aKABU _cKABU |
||
| 050 |
_aPN4815.2 _b.S74 2014 c. 1 |
||
| 100 | _aStephens, Mitchell | ||
| 245 |
_aBeyond news _bthe future of journalism _cMitchell Stephens |
||
| 260 |
_aNew York _bColumbia University Press _c2014 |
||
| 300 | _axxvii, 232 p. | ||
| 650 |
_aJournalism _xHistory _y21st century |
||
| 650 |
_aJournalism _xTechnological innovations |
||
| 650 | _aOnline journalism | ||
| 650 | _aReporters and reporting | ||
| 942 |
_2lcc _cBK _hPN4815.2 |
||